|
|
|
|
| LEADER |
00576nam a22001697a 4500 |
| 005 |
20151026130334.0 |
| 008 |
091021t xxu||||| |||| 00| 0 eng d |
| 020 |
|
|
|a 0-8247-5342-9
|
| 080 |
|
|
|a 577.21
|b NUN
|
| 100 |
|
|
|a Nunnally, Brain K. [ed.]
|e ed.by
|9 7789
|
| 245 |
|
|
|a Analytical techniques in DNA sequencing
|
| 260 |
|
|
|a Boca Raton
|b Taylor & Francis
|c 2005
|9 6728
|
| 300 |
|
|
|a 237p.
|
| 653 |
|
|
|a Nucleotide sequence
|a DNA sequencing
|
| 942 |
|
|
|c BK
|6 _
|
| 999 |
|
|
|c 3437
|d 3437
|
| 952 |
|
|
|0 0
|1 0
|2 udc
|4 0
|6 57721_NUN
|7 0
|9 14032
|a UL
|b UL
|d 2009-10-21
|o 577.21 NUN
|p 00055195
|r 2009-10-21
|w 2009-10-21
|y BK
|